000 00686nam a2200193Ia 4500
008 0000001975 ve a 0000000000spa00
090 _aPUS00 H24a1
100 1 _aHeld, Al
_d1928
245 1 0 _aAl Held
300 _a1 plegable [6] p.
_c/ 28 cm.
500 _aExposición realizada en Adler Castllo, Caracas, Septiembre, 1975 \ Con el patronazgo de la empresa colombiana PLARESA
600 0 0 _aHELD, AL, 1928200/
_xTRABAJOS PICTORICOS
650 1 4 _aARTE CONTEMPORANEO ESTADOUNIDENSE
650 1 4 _xCATALOGOS
650 1 4 _xEXPOSICIONES
650 1 4 _aPINTORES ESTADOUNIDENSES
650 1 4 _aPINTURA ESTADOUNIDENSE
999 _c7583
_d7583
260 _aCaracas : Galería Adler Castillo
_c1975